| 000 | 00393nam a2200157Ia 4500 | ||
|---|---|---|---|
| 008 | 230312s9999||||xx |||||||||||||| ||und|| | ||
| 020 | _a0-7329-7981-1 | ||
| 082 |
_a658.87 _bWRI-F |
||
| 100 | _aWrice,Mark | ||
| 245 | 0 | _aFirst Steps in a Retail Career | |
| 260 |
_bNational Wapes _aAustralia _c2004 |
||
| 300 | _a260 | ||
| 546 | _aEng. | ||
| 650 |
_aManagement _vRetail Development |
||
| 942 | _cBK | ||
| 999 |
_c287 _d287 |
||